000
00190 a2200097 4500
020
_a
30026640
041
_a
spa
100
_a
Dorice Bailer
245
_a
El zapatero y los duendes
942
_c
K
999
_c
30165
_d
30163